<?xml version="1.0" encoding="UTF-8"?>
<record
    xmlns:xsi="http://www.w3.org/2001/XMLSchema-instance"
    xsi:schemaLocation="http://www.loc.gov/MARC21/slim http://www.loc.gov/standards/marcxml/schema/MARC21slim.xsd"
    xmlns="http://www.loc.gov/MARC21/slim">

  <leader>00679nam a22001337a 4500</leader>
  <datafield tag="040" ind1=" " ind2=" ">
    <subfield code="c">RUA</subfield>
  </datafield>
  <datafield tag="082" ind1=" " ind2=" ">
    <subfield code="a">AGR SRE 2010 B045 Or.1</subfield>
  </datafield>
  <datafield tag="100" ind1=" " ind2=" ">
    <subfield code="a">SREY, TETHVOLEAK.</subfield>
  </datafield>
  <datafield tag="245" ind1=" " ind2=" ">
    <subfield code="a">the change of agricultural land use in rokathom commune chbamon district, kompongs poeu province (&#x1794;&#x1798;&#x17D2;&#x179A;&#x17C2;&#x1794;&#x1798;&#x17D2;&#x179A;&#x17BD;&#x179B;&#x1780;&#x17B6;&#x179A;&#x1794;&#x17D2;&#x179A;&#x17BE;&#x1794;&#x17D2;&#x179A;&#x17B6;&#x179F;&#x17CB;&#x178A;&#x17B8;&#x1780;&#x179F;&#x17B7;&#x1780;&#x1798;&#x17D2;&#x1798; &#x1793;&#x17C5;&#x1780;&#x17D2;&#x1793;&#x17BB;&#x1784; &#x1783;&#x17BB;&#x17C6;&#x179A;&#x1780;&#x17B6;&#x1792;&#x17C6; &#x179F;&#x17D2;&#x179A;&#x17BB;&#x1780;&#x1785;&#x17D2;&#x1794;&#x17B6;&#x1798;&#x1793; &#x1781;&#x17C1;&#x178F;&#x17D2;&#x178F;&#x1780;&#x17C6;&#x1796;&#x1784;&#x17CB;&#x179F;&#x17D2;&#x1796;&#x17BA;)</subfield>
  </datafield>
  <datafield tag="260" ind1=" " ind2=" ">
    <subfield code="a">Phnom Penh</subfield>
    <subfield code="b">RUA</subfield>
    <subfield code="c">2010</subfield>
  </datafield>
  <datafield tag="300" ind1=" " ind2=" ">
    <subfield code="a">x, 60p.</subfield>
    <subfield code="b">ill.</subfield>
    <subfield code="c">29cm.</subfield>
  </datafield>
  <datafield tag="856" ind1=" " ind2=" ">
    <subfield code="u">https://drive.google.com/file/d/1R3d-UgoGNj4RJ6psh3Y7C94ikcpUCJOc/view?usp=sharing</subfield>
  </datafield>
  <datafield tag="942" ind1=" " ind2=" ">
    <subfield code="c">AGR</subfield>
  </datafield>
  <datafield tag="999" ind1=" " ind2=" ">
    <subfield code="c">1036</subfield>
    <subfield code="d">1036</subfield>
  </datafield>
  <datafield tag="952" ind1=" " ind2=" ">
    <subfield code="0">0</subfield>
    <subfield code="1">0</subfield>
    <subfield code="2">ddc</subfield>
    <subfield code="4">0</subfield>
    <subfield code="6">AGR_SRE_2010_000000000000000_B045_OR_1</subfield>
    <subfield code="7">0</subfield>
    <subfield code="9">4253</subfield>
    <subfield code="a">LBB</subfield>
    <subfield code="b">LBB</subfield>
    <subfield code="c">B045</subfield>
    <subfield code="d">2015-09-22</subfield>
    <subfield code="o">AGR SRE 2010 B045 Or.1</subfield>
    <subfield code="p">RUA006599</subfield>
    <subfield code="r">2015-09-22</subfield>
    <subfield code="w">2015-09-22</subfield>
    <subfield code="y">AGR</subfield>
  </datafield>
  <datafield tag="952" ind1=" " ind2=" ">
    <subfield code="0">0</subfield>
    <subfield code="1">0</subfield>
    <subfield code="2">ddc</subfield>
    <subfield code="4">0</subfield>
    <subfield code="6">AGR_SRE_2010_000000000000000_B045_OR_2</subfield>
    <subfield code="7">0</subfield>
    <subfield code="9">4254</subfield>
    <subfield code="a">LBB</subfield>
    <subfield code="b">LBB</subfield>
    <subfield code="c">B045</subfield>
    <subfield code="d">2015-09-22</subfield>
    <subfield code="l">3</subfield>
    <subfield code="o">AGR SRE 2010 B045 Or.2</subfield>
    <subfield code="p">RUA006670</subfield>
    <subfield code="r">2024-11-05</subfield>
    <subfield code="s">2024-10-07</subfield>
    <subfield code="w">2015-09-22</subfield>
    <subfield code="y">AGR</subfield>
  </datafield>
  <datafield tag="952" ind1=" " ind2=" ">
    <subfield code="0">0</subfield>
    <subfield code="1">0</subfield>
    <subfield code="2">ddc</subfield>
    <subfield code="4">0</subfield>
    <subfield code="6">AGR_SRE_2010_000000000000000_B045_OR_3</subfield>
    <subfield code="7">0</subfield>
    <subfield code="9">4255</subfield>
    <subfield code="a">LBB</subfield>
    <subfield code="b">LBB</subfield>
    <subfield code="c">B045</subfield>
    <subfield code="d">2015-09-22</subfield>
    <subfield code="l">1</subfield>
    <subfield code="o">AGR SRE 2010 B045 Or.3</subfield>
    <subfield code="p">RUA006939</subfield>
    <subfield code="r">2018-12-12</subfield>
    <subfield code="s">2018-12-11</subfield>
    <subfield code="w">2015-09-22</subfield>
    <subfield code="y">AGR</subfield>
  </datafield>
  <datafield tag="952" ind1=" " ind2=" ">
    <subfield code="0">0</subfield>
    <subfield code="1">0</subfield>
    <subfield code="2">ddc</subfield>
    <subfield code="4">0</subfield>
    <subfield code="6">AGR_SRE_2010_000000000000000_B045_OR_4</subfield>
    <subfield code="7">0</subfield>
    <subfield code="9">4527</subfield>
    <subfield code="a">LBB</subfield>
    <subfield code="b">LBB</subfield>
    <subfield code="c">B045</subfield>
    <subfield code="d">2015-09-23</subfield>
    <subfield code="l">1</subfield>
    <subfield code="o">AGR SRE 2010 B045 Or.4</subfield>
    <subfield code="p">RUA000735</subfield>
    <subfield code="r">2019-06-26</subfield>
    <subfield code="s">2017-02-15</subfield>
    <subfield code="w">2015-09-23</subfield>
    <subfield code="y">AGR</subfield>
  </datafield>
  <datafield tag="952" ind1=" " ind2=" ">
    <subfield code="0">0</subfield>
    <subfield code="1">0</subfield>
    <subfield code="2">ddc</subfield>
    <subfield code="4">0</subfield>
    <subfield code="6">AGR_SRE_2010_000000000000000_B045_OR_5</subfield>
    <subfield code="7">0</subfield>
    <subfield code="9">4528</subfield>
    <subfield code="a">LBB</subfield>
    <subfield code="b">LBB</subfield>
    <subfield code="c">B045</subfield>
    <subfield code="d">2015-09-23</subfield>
    <subfield code="o">AGR SRE 2010 B045 Or.5</subfield>
    <subfield code="p">RUA000807</subfield>
    <subfield code="r">2015-09-23</subfield>
    <subfield code="w">2015-09-23</subfield>
    <subfield code="y">AGR</subfield>
  </datafield>
  <datafield tag="952" ind1=" " ind2=" ">
    <subfield code="0">0</subfield>
    <subfield code="1">0</subfield>
    <subfield code="2">ddc</subfield>
    <subfield code="4">0</subfield>
    <subfield code="6">AGR_SRE_2010_000000000000000_B045_OR_6</subfield>
    <subfield code="7">0</subfield>
    <subfield code="9">4529</subfield>
    <subfield code="a">LBB</subfield>
    <subfield code="b">LBB</subfield>
    <subfield code="c">B045</subfield>
    <subfield code="d">2015-09-23</subfield>
    <subfield code="o">AGR SRE 2010 B045 Or.6</subfield>
    <subfield code="p">RUA000296</subfield>
    <subfield code="r">2016-07-22</subfield>
    <subfield code="w">2015-09-23</subfield>
    <subfield code="y">AGR</subfield>
  </datafield>
  <datafield tag="952" ind1=" " ind2=" ">
    <subfield code="0">0</subfield>
    <subfield code="1">0</subfield>
    <subfield code="2">ddc</subfield>
    <subfield code="4">0</subfield>
    <subfield code="6">AGR_SRE_2010_000000000000000_B045_OR_7</subfield>
    <subfield code="7">0</subfield>
    <subfield code="9">4530</subfield>
    <subfield code="a">LBB</subfield>
    <subfield code="b">LBB</subfield>
    <subfield code="c">B045</subfield>
    <subfield code="d">2015-09-23</subfield>
    <subfield code="o">AGR SRE 2010 B045 Or.7</subfield>
    <subfield code="p">RUA000579</subfield>
    <subfield code="r">2015-09-23</subfield>
    <subfield code="w">2015-09-23</subfield>
    <subfield code="y">AGR</subfield>
  </datafield>
</record>
